00442nam a2200157 4500001000700000003000900007005001700016007000300033008004100036100002600077245004200103250002000145260005300165300004500218852002100263126891ES-MaACL20230906192911.0t|070214s1939 po r ||||1| por d1 aRibeiro, Herlandér.10aAlma judía / cHerlandér Ribeiro. aEd. portuguesa. aLisboa : b[s. n.], c1939 (fTip. A. Comercial) a222 p., 1 lám. = retr. aut. ; c25 cm. aES-MaACLjD-7159